| 000 | 00571nam a2200181 i 4500 | ||
|---|---|---|---|
| 001 | 84564 | ||
| 003 | ES-MaACL | ||
| 005 | 20230906175034.0 | ||
| 007 | t| | ||
| 008 | 041123s1965 sp ||||1| spa d | ||
| 100 | 1 |
_aJedlicka, Gotthard. _966261 |
|
| 245 | 1 | 0 |
_aToulouse-Lautrec, pintor del fin du siècle / _cGotthard Jedlicka ; [traducción de Rafael de Reparaz]. |
| 260 |
_aMadrid : _bRialp, _c1965. |
||
| 300 |
_a358 p., 16 lám. ; _c25 cm. |
||
| 700 | 1 |
_aReparaz, Rafael de. _996260 |
|
| 852 |
_aES-MaACL _jC-26977 _bR.56072 |
||
| 852 |
_aES-MaACL _jC-27601 _bR.56324 |
||
| 999 |
_c84564 _d84564 |
||